Estructuras de datos : programación y aplicaciones /

Guardado en:
Autor Principal: Lewis, T. G. 1941-
Otros Autores: Smith, Marilyn Z.
Formato: Libro
Idioma:Spanish
English
Publicado: Madrid : Paraninfo, 1985.
Etiquetas: Agregar Etiqueta
Sin Etiquetas, Sea el primero en etiquetar este registro!
LEADER 00599nam a22001815a 4500
001 MAT.inmabb004857
008 080722s1985####sp#a##########000#0#spa#d
005 20160427154136.0
245 1 0 |a Estructuras de datos :  |b programación y aplicaciones /  |c T. G. Lewis, M. Z. Smith. 
260 |a Madrid :  |b Paraninfo,  |c 1985. 
300 |a 401 p. :  |b il. ;  |c 22 cm. 
500 |a Traducción de: Applying data structures. 
020 |a 8428313628 
100 1 |a Lewis, T. G.  |q (Theodore Gyle),  |d 1941- 
700 1 |a Smith, Marilyn Z. 
084 |a 68P05  |2 msc2000 
041 1 |a spa  |h eng 
859 |h 68  |i L6735  |p A-6058  |b BIB. MATEMATICA